| Tag |
First Indicator |
Second Indicator |
Subfields |
| LEADER |
00000cam a2200000 i 4500 |
| 001 |
in00003530813 |
| 005 |
20151105174528.0 |
| 008 |
140908t20152015nyuab b 001 0 eng |
| 010 |
|
|
|a 2014033453
|
| 020 |
|
|
|a 9781250059536 (hbk.)
|
| 020 |
|
|
|a 1250059534 (hbk.)
|
| 020 |
|
|
|z 9781466864610 (ebk.)
|
| 035 |
|
|
|a (OCoLC)ocn890310293
|
| 040 |
|
|
|a DLC
|e rda
|c DLC
|d UtOrBLW
|
| 043 |
|
|
|a n-us---
|
| 049 |
|
|
|a TXAM
|
| 050 |
0 |
0 |
|a E457.2
|b .S327 2015
|
| 082 |
0 |
0 |
|a 973.70892/4
|2 23
|
| 100 |
1 |
|
|a Sarna, Jonathan D.,
|e author.
|
| 245 |
1 |
0 |
|a Lincoln and the Jews :
|b a history /
|c Jonathan D. Sarna and Benjamin Shapell.
|
| 250 |
|
|
|a First edition.
|
| 264 |
|
1 |
|a New York :
|b Thomas Dunne Books/St. Martin's Press,
|c [2015]
|
| 264 |
|
4 |
|c ©2015
|
| 300 |
|
|
|a xiii, 272 pages :
|b illustrations (some color), color map ;
|c 29 cm.
|
| 336 |
|
|
|a text
|b txt
|2 rdacontent
|
| 337 |
|
|
|a unmediated
|b n
|2 rdamedia
|
| 338 |
|
|
|a volume
|b nc
|2 rdacarrier
|
| 504 |
|
|
|a Includes bibliographical references and index.
|
| 505 |
0 |
|
|a The Promised Land ... whose stones are iron and out of whose hills thou mayest dig brass : 1809-1830 -- And this too shall pass away--never fear : 1830-1858 -- One of my most valued friends : 1858-1860 -- We have not yet appointed a Hebrew : 1861-1862 -- I myself have a regard for the Jews : 1863 -- About Jews : 1863-1865 -- To see Jerusalem before he died : 1865.
|
| 520 |
|
|
|a One hundred and fifty years after Abraham Lincoln's death, the full story of his extraordinary relationship with Jews is told here for the first time. This book provides readers both with a narrative of his interactions with Jews, and with the opportunity to immerse themselves in rare manuscripts and images, many from the Shapell Lincoln Collection, that show Lincoln in a way he has never been seen before.
|
| 600 |
1 |
0 |
|a Lincoln, Abraham,
|d 1809-1865
|x Relations with Jews.
|
| 650 |
|
0 |
|a Jews
|z United States
|x History
|y 19th century.
|
| 651 |
|
0 |
|a United States
|x History
|y Civil War, 1861-1865
|x Jews.
|
| 700 |
1 |
|
|a Shapell, Benjamin,
|e author.
|
| 945 |
|
|
|a PromptCat
|b 142845
|
| 946 |
|
|
|a stk
|
| 947 |
|
|
|a A14842964448
|
| 948 |
|
|
|a cataloged
|b h
|c 2015/4/9
|d c
|e dmitchel
|f 8:00:00 am
|
| 994 |
|
|
|a 92
|b TXA
|
| 999 |
|
|
|a MARS
|
| 999 |
f |
f |
|s 9c77655e-1dfc-3c00-823c-fb8e3d463d08
|i f0e326ec-c0f4-39ef-8a5c-9dece0d96855
|t 0
|
| 952 |
f |
f |
|p normal
|a Texas A&M University
|b College Station
|c Sterling C. Evans Library
|d Evans: Library Stacks
|t 0
|e E457.2 .S327 2015
|h Library of Congress classification
|i unmediated -- volume
|m A14842964448
|
| 998 |
f |
f |
|a E457.2 .S327 2015
|t 0
|l Evans: Library Stacks
|